Network troubleshooting tools /

Bibliographic Details
Main Author: Sloan, Joseph D. (Joseph Donald), 1950-
Format: Book
Language:English
Published: Sebastopol, CA : Mumbai : O'Reilly ; SPD, c2001.
Edition:First edition.
Subjects:
Classic Catalogue: View this record in Classic Catalogue
LEADER 01790nam a2200301 a 4500
001 0018003
003 BD-DhAAL
008 100920s2001 caua b 001 0 eng d
010 |a  2001035422 
020 |a 8173663688 
020 |a 059600186X (pbk.) 
040 |a DLC  |c DLC  |d DLC  |d BD-DhAAL 
082 0 0 |a 004.6  |2 21 
100 1 |a Sloan, Joseph D.  |q (Joseph Donald),  |d 1950-  |9 58596 
245 1 0 |a Network troubleshooting tools /  |c Joseph D. Sloan. 
250 |a First edition. 
260 |a Sebastopol, CA :  |b O'Reilly ;  |a Mumbai :  |b SPD,  |c c2001. 
300 |a xv, 346 p. :  |b ill. ;  |c 24 cm. 
504 |a Includes bibliographical references (p. 312-315) and index. 
526 |a EEE  |x Md Sayeed Salam Department of Electrical and Electronic Engineering BRAC University Course Name : Advanced Data Communication (EEE 534) 
541 1 |e 0018003, 0018004  |a D. S. Books International 
650 0 |a Computer networks  |x Maintenance and repair.  |9 58597 
650 0 |a Computer networks  |x Management. 
852 4 |a Ayesha Abed Library   |c General Stacks 
942 |2 ddc  |c BK 
999 |c 9504  |d 9504 
952 |0 0  |1 0  |2 ddc  |4 0  |6 004_600000000000000_SLO_2001  |7 0  |9 11923  |a BRACUL  |b BRACUL  |c GEN  |d 2010-09-21  |e D. S. Books International  |l 0  |o 004.6 SLO  |p 3010018003  |r 2010-09-21  |t 1  |w 2010-09-21  |y BK  |x Requisitioned by Md Sayeed Salam (Department of Electrical and Electronic Engineering, BRAC University) for the course named- "Advanced Data Communication (EEE 534)" ; USD 8.33 
952 |0 0  |1 0  |2 ddc  |4 0  |6 004_600000000000000_SLO_2001  |7 0  |9 11924  |a BRACUL  |b BRACUL  |c GEN  |d 2010-09-21  |e D. S. Books International  |l 0  |o 004.6 SLO  |p 3010018004  |r 2010-09-21  |t 2  |w 2010-09-21  |y BK  |x Requisitioned by Md Sayeed Salam (Department of Electrical and Electronic Engineering, BRAC University) for the course named- "Advanced Data Communication (EEE 534)" ; USD 8.33